000 00371pab a2200145 454500
008 180718b2003 xxu||||| |||| 00| 0 eng d
100 _aSalamon, Sonya
245 _aFrom hometown to nontown: rural community effects of suburbanization
260 _c2003
300 _ap.1-24.
362 _aMar
650 _aUrbanization
773 _aRural Sociology
909 _a55903
999 _c55903
_d55903